00826nam a2200265 4500003000900000005001700009008004100026020001500067040004300082041000800125082002100133100002900154245004200183250001700225264004600242300002400288336002200312337002400334338003300358504005200391546002000443650003000463651001000493856005700503EG-GICUC20260121101343.0251125s1986 uk o|||| |||| 001 0 eng d a0906496373 aEG-GiCUCbengcEG-GiCUCdEG-GiCUCerda aeng04221a341bS H . I1 aShaw, Malcolm NeAuthor.10aInternational law /cMalcolm N. Shaw. a2nd. edition 1aCambridge :bGrotius Publications,c1986. a627 pages ;c24 cm. 2rda contentatext 2rda mediaaComputer 2rda carrieraOnline Resource aIncludes bibliographical references and index.  aText in English1 aInternational law.2qrmak1 2qrmak40uhttps://fll.law.cu.edu.eg/fulltext/bks/B11-06144.pdf